| 000 | 01221nam a2200217Ia 4500 | ||
|---|---|---|---|
| 999 |
_c51082 _d51082 |
||
| 001 | 18039 | ||
| 003 | GE_BSU | ||
| 005 | 20241107172949.0 | ||
| 008 | 181216s1979||||ge |||||||||||||| ||geo|| | ||
| 020 | _a0134-9899 | ||
| 040 | _cGE_BSU | ||
| 041 | _ageo | ||
| 080 | _a811.353.1(058)+811.131.1 ქ-27 | ||
| 245 |
_aიბერიულ-კავკასიური ენათმეცნიერების წელიწდეული = Ежегодник ибенийско-кавказского языкознания = Anual of ibero-caucasian linguistics : _bტ. VI / _cსარედ. კოლ. ვ. აბაევი., შ. არისთავა., და სხვ. რედ. ა. ჩიქობავა; საქართველოს სსრ მეცნიერებათა აკადემია. |
||
| 264 |
_aთბილისი : _bმეცნიერება, _c1979. |
||
| 300 |
_a193 გვ.; _b21 სმ. |
||
| 653 | _aკავკასიური ენები | ||
| 653 | _aწელიწდეულები | ||
| 710 |
_aსაქართველოს სსრ მეცნიერებათა აკადემია. _923645 |
||
| 942 |
_cBK _2udc |
||